Essays Literature History and Society : (Record no. 1678234)

MARC details
000 -LEADER
fixed length control field 00426nam a22001697a 4500
003 - CONTROL NUMBER IDENTIFIER
control field OSt
005 - DATE AND TIME OF LATEST TRANSACTION
control field 20260127115724.0
008 - FIXED-LENGTH DATA ELEMENTS--GENERAL INFORMATION
fixed length control field 260127b |||||||| |||| 00| 0 eng d
020 ## - INTERNATIONAL STANDARD BOOK NUMBER
International Standard Book Number 9788190891851
040 ## - CATALOGING SOURCE
Language of cataloging ENG
Transcribing agency HDL
100 ## - MAIN ENTRY--PERSONAL NAME
Personal name Naqi Husain , Jafri ,
9 (RLIN) 1112063
245 ## - TITLE STATEMENT
Title Essays Literature History and Society :
300 ## - PHYSICAL DESCRIPTION
Extent xi,218p.
651 ## - SUBJECT ADDED ENTRY--GEOGRAPHIC NAME
Geographic name India.
9 (RLIN) 1112064
942 ## - ADDED ENTRY ELEMENTS (KOHA)
Source of classification or shelving scheme Colon Classification (CC)
Koha item type Textual
Suppress in OPAC Yes
Holdings
Withdrawn status Lost status Source of classification or shelving scheme Damaged status Not for loan Home library Current library Date acquired Total Checkouts Date last seen Price effective from Koha item type
    Colon Classification (CC)     Department of History Library Department of History Library 2026-01-27   2026-01-27 2026-01-27 Textual
Copyright @ Delhi University Library System